[Event "EYb16, Budva YUG"]
[Site "?"]
[Date "2003.??.??"]
[Round "9"]
[White "Bove, A."]
[Black "Zinchenko, Y."]
[Result "0-1"]
[WhiteElo "2125"]
[BlackElo "2320"]
[PlyCount "64"]
[EventDate "2003.??.??"]

1. e4 c5 2. b4 cxb4 3. a3 d5 4. e5 Nc6 5. d4 Bf5 6. g4 Bg6 7. h4 h5 8. axb4
Nxb4 9. Bb5+ Nc6 10. e6 hxg4 11. h5 Rxh5 12. Rxh5 Bxh5 13. Nh3 Nf6 14. Nf4 fxe6
15. Qe2 Bf7 16. Nc3 Qb6 17. Nxe6 Bxe6 18. Qxe6 Qxd4 19. Bxc6+ bxc6 20. Qxc6+
Kf7 21. Ra6 Rd8 22. Qe6+ Kg6 23. Ne2 Qb4+ 24. c3 Qc4 25. Nf4+ Kh7 26. Qf5+ Kg8
27. Qe6+ Kh8 28. Ng6+ Kh7 29. Ne5 Qe4+ 30. Be3 Rb8 31. Ra1 Rb2 32. Qa6 Qxe5 0-1

[Event "EYb16, Budva YUG"]
[Site "?"]
[Date "2003.??.??"]
[Round "9"]
[White "Romanov, E."]
[Black "Balogh, C."]
[Result "1/2-1/2"]
[WhiteElo "2405"]
[BlackElo "2460"]
[PlyCount "76"]
[EventDate "2003.??.??"]

1. e4 c5 2. b3 d6 3. f4 Nf6 4. Qf3 Bd7 5. Bb2 Bc6 6. Nc3 g6 7. O-O-O Bg7 8. g4
Qa5 9. g5 Nfd7 10. h4 Na6 11. Bxa6 Qxa6 12. h5 O-O-O 13. h6 Bd4 14. Nge2 e5 15.
Kb1 f5 16. gxf6 Nxf6 17. d3 Rhe8 18. f5 g5 19. Bc1 Bxc3 20. Nxc3 Rg8 21. Qg3 b5
22. Bxg5 b4 23. Ne2 Nxe4 24. dxe4 Qxe2 25. Rde1 Qd2 26. Rhg1 Qd4 27. Qh4 Rdf8
28. Rg4 Qc3 29. Reg1 Qf3 30. Be7 Bxe4 31. Rxg8 Bxc2+ 32. Kxc2 Qc3+ 33. Kb1 Qd3+
34. Kc1 Qc3+ 35. Kd1 Qd3+ 36. Ke1 Qe3+ 37. Kf1 Qf3+ 38. Qf2 Qd1+ 1/2-1/2

[Event "EYb16, Budva YUG"]
[Site "?"]
[Date "2003.??.??"]
[Round "9"]
[White "Mamedov, Rau"]
[Black "Kaplan, S."]
[Result "1-0"]
[WhiteElo "2405"]
[BlackElo "2205"]
[PlyCount "69"]
[EventDate "2003.??.??"]

1. e4 e5 2. Nf3 Nc6 3. Bc4 Nf6 4. d3 h6 5. O-O d6 6. c3 g6 7. h3 Bg7 8. Re1 O-O
9. Bb3 Nh5 10. Nbd2 Nf4 11. Nf1 Kh7 12. Bxf4 exf4 13. d4 Qf6 14. Qd3 Re8 15.
Rad1 Re7 16. N1d2 Bd7 17. Re2 Rae8 18. Rde1 a6 19. Nc4 b5 20. Ncd2 Na5 21. Bd5
c6 22. e5 dxe5 23. dxe5 Qf5 24. Be4 Qh5 25. b4 Nb7 26. Nd4 Nd8 27. N2f3 f5 28.
exf6 Bxf6 29. Qd2 c5 30. Qxf4 Bg5 31. Nxg5+ hxg5 32. Qd6 Nf7 33. Qxg6+ Qxg6 34.
Bxg6+ Kxg6 35. Rxe7 1-0

[Event "EYb16, Budva YUG"]
[Site "?"]
[Date "2003.??.??"]
[Round "9"]
[White "Magalashvili, D."]
[Black "Czarnota, P."]
[Result "1-0"]
[WhiteElo "2250"]
[BlackElo "2350"]
[PlyCount "149"]
[EventDate "2003.??.??"]

1. d4 Nf6 2. c4 g6 3. f3 Bg7 4. e4 d6 5. Nc3 O-O 6. Nge2 a6 7. Bg5 c5 8. d5 Qa5
9. Bd2 Nbd7 10. Nc1 Qc7 11. a4 e6 12. Be2 exd5 13. cxd5 c4 14. Be3 Rb8 15. a5
b5 16. axb6 Nxb6 17. O-O Nfd7 18. f4 Re8 19. Bf3 Bb7 20. Bd4 Bxd4+ 21. Qxd4 Qc5
22. N1e2 Qxd4+ 23. Nxd4 Nc5 24. g3 Rbc8 25. Rfe1 Nbd7 26. Re2 h5 27. Bg2 Nf6
28. Nc6 Nd3 29. Na5 Ba8 30. Ra4 Nc1 31. Rd2 Nb3 32. Nxb3 cxb3 33. Rxa6 Red8 34.
e5 Ne8 35. Rb6 Rb8 36. Rxb8 Rxb8 37. Rd4 Ng7 38. Bh3 Rd8 39. Ne4 Ne8 40. e6
fxe6 41. Bxe6+ Kf8 42. Rc4 Rb8 43. h3 Ke7 44. g4 hxg4 45. hxg4 Rb5 46. Rc8 Ra5
47. Nc3 Ra7 48. Kf2 Bb7 49. Rb8 Ba6 50. Rxb3 Nc7 51. f5 gxf5 52. gxf5 Kf6 53.
Ke3 Ke5 54. Rb4 Ra8 55. Re4+ Kf6 56. Rh4 Rb8 57. Kf4 Bd3 58. Rh6+ Kg7 59. Rg6+
Kh7 60. Rg2 Rf8 61. Ne4 Bxe4 62. Kxe4 Ne8 63. b4 Nf6+ 64. Kd4 Rb8 65. Kc4 Ne4
66. b5 Rb7 67. Kb4 Rb8 68. Ka5 Ra8+ 69. Kb6 Nc3 70. f6 Rb8+ 71. Kc7 Rf8 72. b6
Nb5+ 73. Kc6 Nd4+ 74. Kxd6 Rxf6 75. Ke5 1-0

[Event "EYb16, Budva YUG"]
[Site "?"]
[Date "2003.??.??"]
[Round "9"]
[White "Valeanu, E."]
[Black "Kuzmicz, K."]
[Result "1/2-1/2"]
[WhiteElo "2220"]
[BlackElo "2310"]
[PlyCount "102"]
[EventDate "2003.??.??"]

1. e4 c5 2. Nf3 e6 3. d4 cxd4 4. Nxd4 Nf6 5. Nc3 Nc6 6. Ndb5 d6 7. Bf4 e5 8.
Bg5 a6 9. Na3 Be6 10. Nc4 Rc8 11. Bxf6 Qxf6 12. Nb6 Rb8 13. Ncd5 Qd8 14. c3 Be7
15. Bc4 O-O 16. O-O Bg5 17. a4 Qe8 18. Qd3 Bd8 19. Rfd1 Kh8 20. a5 f5 21. exf5
Bxf5 22. Qe2 Qg6 23. f3 e4 24. Rf1 Bxb6+ 25. Nxb6 Ne5 26. fxe4 Bxe4 27. Rxf8+
Rxf8 28. Rf1 Rf6 29. Bd5 Rxf1+ 30. Qxf1 Bxd5 31. Nxd5 h6 32. h3 Kh7 33. b4 Qe4
34. Ne7 Qe3+ 35. Kh2 Qxc3 36. Qf5+ g6 37. Qe6 Qc4 38. Nd5 Qf1 39. Qxd6 Nf7 40.
Qd7 Kg7 41. Qxb7 Qf5 42. Nc7 Qf4+ 43. Kg1 Qc1+ 44. Kf2 Qd2+ 45. Kg3 Qd6+ 46.
Kf3 Qd3+ 47. Kf2 Qd2+ 48. Kg1 Qc1+ 49. Kh2 Qf4+ 50. g3 Qd2+ 51. Qg2 Qxb4
1/2-1/2

[Event "EYb16, Budva YUG"]
[Site "?"]
[Date "2003.??.??"]
[Round "9"]
[White "Lenic, L."]
[Black "Ryzhov, I."]
[Result "1-0"]
[WhiteElo "2385"]
[BlackElo "2240"]
[PlyCount "79"]
[EventDate "2003.??.??"]

1. d4 d5 2. Nf3 c6 3. g3 Nf6 4. Bg2 e6 5. Nbd2 Nbd7 6. O-O Be7 7. c4 b6 8. Qc2
Bb7 9. b3 O-O 10. Bb2 Qc7 11. Ne5 Nxe5 12. dxe5 Ng4 13. e4 dxc4 14. Nxc4 Ba6
15. Qc3 b5 16. Qa5 Qxa5 17. Nxa5 Rfc8 18. h3 Nh6 19. Rfc1 c5 20. a4 bxa4 21.
Rxa4 Rab8 22. Bf1 Bxf1 23. Kxf1 f5 24. exf6 gxf6 25. Nc4 Rc7 26. e5 f5 27. Ra6
Kf7 28. Nd6+ Kf8 29. Nc4 Kf7 30. Nd6+ Kf8 31. Bd4 Nf7 32. Rxc5 Rxc5 33. Bxc5
Nxe5 34. Rxa7 Nd3 35. Ba3 Rxb3 36. Ra8+ Kg7 37. Nxf5+ exf5 38. Bxe7 Rb2 39. f4
Nf2 40. Bc5 1-0

[Event "EYb16, Budva YUG"]
[Site "?"]
[Date "2003.??.??"]
[Round "9"]
[White "Papin, V."]
[Black "Ramesa, D."]
[Result "1-0"]
[WhiteElo "2370"]
[BlackElo "2155"]
[PlyCount "85"]
[EventDate "2003.??.??"]

1. e4 c5 2. Nf3 a6 3. c3 e6 4. d4 d5 5. exd5 Qxd5 6. Be3 cxd4 7. cxd4 Nf6 8.
Nc3 Qd6 9. Bd3 Be7 10. O-O O-O 11. Qe2 Nc6 12. Rad1 b5 13. Bb1 Bb7 14. Rfe1 Nb4
15. Bg5 Rac8 16. a3 Nbd5 17. Ne4 Qb8 18. Nxf6+ Nxf6 19. Ne5 Qd6 20. Rd3 g6 21.
Rg3 Rc7 22. Bf4 Qd8 23. Bh6 Qxd4 24. Bxf8 Bxf8 25. Nf3 Qf4 26. Nd2 Bd6 27. Nf1
Qh4 28. Rd3 Bd5 29. Rdd1 Bc5 30. Ne3 Bb7 31. h3 Nh5 32. Qg4 Qf6 33. b4 Bb6 34.
Be4 Bxe4 35. Qxe4 Nf4 36. Ng4 Qg5 37. Rd6 Ba7 38. Rxa6 h5 39. Qe5 Qxe5 40. Nxe5
f6 41. Nc6 Nd3 42. Re2 Nf4 43. Rd2 1-0

[Event "EYb16, Budva YUG"]
[Site "?"]
[Date "2003.??.??"]
[Round "9"]
[White "Mikkelsen, N."]
[Black "Moranda, W."]
[Result "0-1"]
[WhiteElo "2100"]
[BlackElo "2355"]
[PlyCount "96"]
[EventDate "2003.??.??"]

1. e4 c5 2. Nf3 d6 3. d4 cxd4 4. Nxd4 Nf6 5. Nc3 Nc6 6. Be2 e6 7. Be3 a6 8. a4
Be7 9. O-O O-O 10. Nb3 b6 11. f4 Bb7 12. Bf3 Rc8 13. Qe2 Nd7 14. Rad1 Re8 15.
e5 dxe5 16. fxe5 Qc7 17. Bf4 Nb4 18. Bxb7 Qxb7 19. Qg4 Nf8 20. Rf2 Ng6 21. Rdf1
Rc4 22. Qe2 Rxf4 23. Rxf4 Nxf4 24. Rxf4 Rd8 25. Ne4 Qd7 26. Qf1 Nxc2 27. Qxa6
Ne3 28. Nc3 Qc6 29. Qe2 Nf5 30. Rc4 Qd7 31. Ne4 Qd5 32. Nc3 Qd7 33. Ne4 b5 34.
axb5 Qxb5 35. Nbd2 Qxb2 36. g4 Nh4 37. Rc7 Ng6 38. Qf2 Qxe5 39. Qa7 Qd4+ 40.
Qxd4 Rxd4 41. Rc8+ Bf8 42. Kf2 f5 43. Ke3 Rd5 44. Nc3 Rc5 45. Rxc5 Bxc5+ 46.
Kf3 Ne5+ 47. Kf4 Nxg4 48. Nc4 Nxh2 0-1

[Event "EYb16, Budva YUG"]
[Site "?"]
[Date "2003.??.??"]
[Round "9"]
[White "Ris, R."]
[Black "Jurcik, Mari"]
[Result "1/2-1/2"]
[WhiteElo "2205"]
[BlackElo "2160"]
[PlyCount "73"]
[EventDate "2003.??.??"]

1. e4 c5 2. Nf3 d6 3. d4 cxd4 4. Nxd4 Nf6 5. Nc3 Nc6 6. Be3 Ng4 7. Bg5 Qb6 8.
Bb5 Bd7 9. O-O Nxf2 10. Rxf2 Qxd4 11. Qf3 f6 12. Rd1 Qb6 13. Nd5 Qd8 14. Bf4 e6
15. Ne3 e5 16. Bg5 Nd4 17. Rxd4 exd4 18. Nd5 Bxb5 19. Bxf6 Qd7 20. Qh5+ g6 21.
Nc7+ Qxc7 22. Qxb5+ Qc6 23. Qxc6+ bxc6 24. Bxh8 Bh6 25. Kf1 Be3 26. Rf3 O-O-O
27. Bg7 Re8 28. Rf8 Rxf8+ 29. Bxf8 Bf4 30. h3 Be5 31. Ke2 Kd7 32. Kd3 g5 33.
Bh6 Bf6 34. a4 Ke6 35. b4 a6 36. Bf8 Be5 37. Bh6 1/2-1/2

[Event "EYb16, Budva YUG"]
[Site "?"]
[Date "2003.??.??"]
[Round "9"]
[White "Miron, L."]
[Black "Pavlik, G."]
[Result "1-0"]
[WhiteElo "2175"]
[BlackElo "2145"]
[PlyCount "97"]
[EventDate "2003.??.??"]

1. e4 d5 2. exd5 Nf6 3. d4 Nxd5 4. c4 Nb6 5. Nf3 g6 6. c5 Nd5 7. Bc4 Bg7 8. Qb3
c6 9. Nc3 O-O 10. O-O Nxc3 11. bxc3 b5 12. cxb6 axb6 13. Bf4 Ba6 14. a4 Bxc4
15. Qxc4 Qd5 16. Qb4 Qd8 17. Bg5 Re8 18. Rfe1 Bf8 19. Qb3 Qc7 20. Ne5 e6 21.
Reb1 Ra6 22. Qc4 Ra5 23. Bf4 Bd6 24. Bg3 h5 25. Rb3 b5 26. Qd3 Rxa4 27. Rxa4
bxa4 28. Rb1 Bxe5 29. Bxe5 Qa5 30. Qf3 a3 31. Qf6 Kf8 32. Bxb8 a2 33. Bd6+ Kg8
34. Ra1 Qb6 35. Qf4 Ra8 36. Bb4 Qb5 37. Qd2 Qa4 38. Qb2 Kh7 39. h3 Kg8 40. Kh2
Kh7 41. Bd6 Ra7 42. Be5 Qa6 43. Qb8 Ra8 44. Qc7 Kg8 45. Qe7 Qa4 46. Qf6 Kf8 47.
Bd6+ Kg8 48. Bf4 Kf8 49. Bg5 1-0

[Event "EYb16, Budva YUG"]
[Site "?"]
[Date "2003.??.??"]
[Round "9"]
[White "Vandenbussche, T."]
[Black "Meier, Geo"]
[Result "0-1"]
[WhiteElo "2040"]
[BlackElo "2300"]
[PlyCount "36"]
[EventDate "2003.??.??"]

1. e4 e6 2. d4 d5 3. Nd2 dxe4 4. Nxe4 Qd5 5. Bd3 Nf6 6. Nxf6+ gxf6 7. Nf3 Nc6
8. O-O Rg8 9. c4 Qh5 10. Bf4 Bd6 11. Bxd6 cxd6 12. Re1 e5 13. dxe5 dxe5 14. Kh1
Bd7 15. b4 O-O-O 16. Qb1 Rxg2 17. Kxg2 Bh3+ 18. Kg3 Qg4# 0-1

[Event "EYb16, Budva YUG"]
[Site "?"]
[Date "2003.??.??"]
[Round "9"]
[White "Volodin, A."]
[Black "Gavariev, R."]
[Result "1/2-1/2"]
[WhiteElo "2310"]
[BlackElo "2255"]
[PlyCount "136"]
[EventDate "2003.??.??"]

1. d4 Nf6 2. c4 e6 3. Nf3 Bb4+ 4. Nfd2 O-O 5. g3 c5 6. dxc5 Bxc5 7. Bg2 Nc6 8.
e3 Qc7 9. O-O b6 10. Nc3 a6 11. Nb3 Be7 12. e4 Bb7 13. Bf4 d6 14. Qe2 Ne5 15.
Nd2 Rac8 16. b3 Bc6 17. Rac1 Qb7 18. Rfe1 Rfd8 19. Nf3 Nxf3+ 20. Bxf3 b5 21.
Nd5 Bf8 22. Nb4 e5 23. Nxc6 Rxc6 24. Bg5 b4 25. Bxf6 gxf6 26. Bg4 a5 27. Bf5 a4
28. Qg4+ Bg7 29. Red1 Rc5 30. Rd3 a3 31. Rcd1 Kh8 32. Qh4 h6 33. g4 Kg8 34. Qh3
Qe7 35. Qe3 Qc7 36. Qd2 Rc6 37. Qxb4 d5 38. Rxd5 Rxd5 39. Rxd5 Bf8 40. Qd2 Rd6
41. Kf1 Rxd5 42. Qxd5 Kg7 43. h4 Bc5 44. Qd7 Qxd7 45. Bxd7 Kf8 46. Ke2 Ke7 47.
Bc6 Kd6 48. Bd5 Bb4 49. Bxf7 Kc5 50. Ke3 Bc3 51. b4+ Kxb4 52. f4 Bd4+ 53. Kf3
exf4 54. Kxf4 Bf2 55. g5 hxg5+ 56. hxg5 fxg5+ 57. Kxg5 Bc5 58. Be8 Kxc4 59. Kf6
Bd4+ 60. Ke6 Kc5 61. Ba4 Bc3 62. Bb3 Kc6 63. e5 Kc7 64. Ba4 Kd8 65. Kd6 Bb4+
66. Ke6 Bc5 67. Kf7 Bb4 68. e6 Bc5 1/2-1/2

[Event "EYb16, Budva YUG"]
[Site "?"]
[Date "2003.??.??"]
[Round "9"]
[White "Skoberne, J."]
[Black "Shelajev, O."]
[Result "1-0"]
[WhiteElo "2085"]
[BlackElo "2025"]
[PlyCount "41"]
[EventDate "2003.??.??"]

1. g3 d5 2. Bg2 g6 3. Nf3 Bg7 4. O-O e5 5. d3 Ne7 6. Nbd2 O-O 7. e4 c6 8. Re1
Qc7 9. h3 h6 10. Qe2 Nd7 11. exd5 cxd5 12. c4 dxc4 13. Nxc4 Nc6 14. Bd2 Nd4 15.
Nxd4 exd4 16. Bf4 Qc5 17. Bd6 Qb5 18. a4 Qf5 19. Bxf8 Bxf8 20. Qe4 Nf6 21. Qxd4
1-0

[Event "EYb16, Budva YUG"]
[Site "?"]
[Date "2003.??.??"]
[Round "9"]
[White "Djokic, V."]
[Black "Huang, H."]
[Result "1-0"]
[WhiteElo "2155"]
[BlackElo "2080"]
[PlyCount "69"]
[EventDate "2003.??.??"]

1. e4 e6 2. d4 d5 3. e5 c5 4. c3 Nc6 5. Nf3 Qb6 6. a3 a5 7. Bd3 Bd7 8. Bc2 Qa6
9. Be3 c4 10. h4 h6 11. h5 a4 12. Nbd2 Qb5 13. Rb1 Na5 14. Nh4 O-O-O 15. Qf3
Be8 16. Ng6 fxg6 17. Qxf8 Qd7 18. hxg6 Nb3 19. Qf3 Ne7 20. Qh5 Nf5 21. Nf3 Rf8
22. Ke2 Qe7 23. g4 Nxe3 24. fxe3 Bc6 25. Rh3 Rh8 26. Qh4 Qxh4 27. Rxh4 Rhf8 28.
Rbh1 Kd7 29. g5 hxg5 30. Nxg5 Ke7 31. Rh7 Rg8 32. Nf7 Rdf8 33. Nh6 Rh8 34. Rxh8
Rxh8 35. Nf5+ 1-0

[Event "EYb14, Budva YUG"]
[Site "?"]
[Date "2003.??.??"]
[Round "1"]
[White "Krcal, M."]
[Black "Bindrich, F."]
[Result "0-1"]
[WhiteElo "2060"]
[BlackElo "2330"]
[PlyCount "102"]
[EventDate "2003.??.??"]

1. d4 Nf6 2. c4 g6 3. Nc3 Bg7 4. e4 d6 5. f3 O-O 6. Be3 a6 7. Nge2 Nbd7 8. Nc1
c5 9. d5 Ne5 10. Be2 e6 11. O-O exd5 12. cxd5 b5 13. a3 Qc7 14. Nb3 Rb8 15. h3
Nfd7 16. Rc1 Nb6 17. Bf2 Bh6 18. Rc2 f5 19. Re1 Bd7 20. exf5 Bxf5 21. Ne4 Rbd8
22. Bf1 Bxe4 23. Rxe4 Nbc4 24. Bxc4 Nxc4 25. Rce2 Bg7 26. Bh4 Rd7 27. Qc1 Qb7
28. Qg5 Be5 29. f4 Bf6 30. Qh6 Bg7 31. Qg5 Bf6 32. Qh6 Bxh4 33. Re8 Rdf7 34.
Rxf8+ Rxf8 35. Qxh4 Qxd5 36. Re7 Qh5 37. Qe1 Qf5 38. Nd2 Nxb2 39. Ne4 Qh5 40.
Ng5 Qd1 41. Qxd1 Nxd1 42. Ne6 Rb8 43. Rg7+ Kh8 44. f5 gxf5 45. Rg3 c4 46. Ng5
h6 47. Nf7+ Kh7 48. Nxd6 c3 49. Nxf5 Rf8 50. Nd4 Rd8 51. Nc2 Rd2 0-1

[Event "EYb14, Budva YUG"]
[Site "?"]
[Date "2003.??.??"]
[Round "1"]
[White "Nepomniachtchi, I."]
[Black "Golub, D."]
[Result "1-0"]
[WhiteElo "2430"]
[BlackElo "2085"]
[PlyCount "79"]
[EventDate "2003.??.??"]

1. e4 c6 2. Nc3 d5 3. Nf3 Bg4 4. h3 Bxf3 5. Qxf3 e6 6. d3 Ne7 7. Qg3 g6 8. Bd2
Bg7 9. Be2 Nd7 10. h4 Qb6 11. Rb1 h5 12. O-O O-O 13. Kh1 Kh7 14. Bg5 Rfe8 15.
Qd6 Be5 16. Qxd7 Rad8 17. Nxd5 cxd5 18. Qa4 f6 19. Be3 d4 20. Bd2 Bc7 21. c4
Rg8 22. Qb4 Qxb4 23. Bxb4 Nc6 24. Bd2 Rg7 25. f4 Ne7 26. b4 b6 27. a4 Rgg8 28.
a5 bxa5 29. bxa5 Rb8 30. Rfc1 Nc6 31. Rb5 Rgc8 32. Bd1 a6 33. Rbb1 Bxa5 34.
Bxa5 Nxa5 35. Ba4 e5 36. fxe5 fxe5 37. Rxb8 Rxb8 38. c5 Rc8 39. c6 Nb7 40. c7
1-0

[Event "EYb14, Budva YUG"]
[Site "?"]
[Date "2003.??.??"]
[Round "1"]
[White "Matsenko, S."]
[Black "Andreikin, D."]
[Result "0-1"]
[WhiteElo "2085"]
[BlackElo "2400"]
[PlyCount "62"]
[EventDate "2003.??.??"]

1. e4 c5 2. Nf3 e6 3. c3 Nf6 4. e5 Nd5 5. d4 cxd4 6. cxd4 b6 7. Nc3 Bb7 8. Bd3
Be7 9. O-O O-O 10. Qe2 Nb4 11. Bc4 Qc7 12. Be3 Rc8 13. Bb5 a6 14. Ba4 b5 15.
Bb3 d5 16. a3 N4c6 17. Rac1 Nd7 18. Bc2 Nb6 19. Qd3 g6 20. Bg5 Nc4 21. Rb1 Rab8
22. Bxe7 Qxe7 23. Ne2 a5 24. Bb3 Ba6 25. Nd2 Nxd2 26. Qxd2 b4 27. Rfd1 bxa3 28.
Ba4 Bxe2 29. Qxe2 Qb4 30. Bxc6 Rxc6 31. b3 a4 0-1

[Event "EYb14, Budva YUG"]
[Site "?"]
[Date "2003.??.??"]
[Round "1"]
[White "Vuillermoz, R."]
[Black "Berczes, D."]
[Result "0-1"]
[WhiteElo "2085"]
[BlackElo "2390"]
[PlyCount "118"]
[EventDate "2003.??.??"]

1. e4 c5 2. Nf3 d6 3. d4 cxd4 4. Nxd4 Nf6 5. Nc3 a6 6. Bg5 e6 7. f4 Qb6 8. Nb3
Nbd7 9. Be2 Be7 10. Qd3 Qc7 11. Bf3 h6 12. Bh4 g5 13. Bg3 gxf4 14. Bxf4 Ne5 15.
Bxe5 dxe5 16. O-O-O b5 17. a3 Bd7 18. h4 h5 19. Rhe1 Rb8 20. Na2 a5 21. Qc3
Qxc3 22. Nxc3 b4 23. axb4 Bxb4 24. Re3 a4 25. Nd2 Bc5 26. Rd3 Ke7 27. Nc4 Bd4
28. Ne2 Rhc8 29. Nxd4 Rxc4 30. Ne2 Rcb4 31. Ng3 Rxb2 32. Nxh5 Rb1+ 33. Kd2
Rxd1+ 34. Kxd1 Nxh5 35. Bxh5 Bc6 36. Bf3 Rh8 37. Rc3 Kd6 38. h5 Ra8 39. Ra3 Kc5
40. c3 Rb8 41. Kc2 Bb5 42. g4 f6 43. Ra1 Bc4 44. h6 Bb3+ 45. Kd2 Rd8+ 46. Ke1
Rh8 47. Bd1 Rxh6 48. Bxb3 Rh1+ 49. Kd2 Rxa1 50. Bxe6 a3 51. Kc2 Re1 52. Bd5
Re2+ 53. Kb1 Rb2+ 54. Kc1 Rg2 55. Kb1 Rxg4 56. Ka2 f5 57. Kxa3 fxe4 58. Be6 Rg2
59. Bh3 Rh2 0-1

[Event "EYb14, Budva YUG"]
[Site "?"]
[Date "2003.??.??"]
[Round "1"]
[White "Ostrovskiy, A."]
[Black "Rodshtein, M."]
[Result "0-1"]
[WhiteElo "2075"]
[BlackElo "2340"]
[PlyCount "64"]
[EventDate "2003.??.??"]

1. e4 e6 2. d4 d5 3. Nd2 c5 4. exd5 exd5 5. Bb5+ Bd7 6. Qe2+ Be7 7. dxc5 Nf6 8.
Ngf3 O-O 9. O-O Bxc5 10. Nb3 Bb6 11. Bg5 h6 12. Bh4 Nc6 13. c3 a6 14. Bd3 g5
15. Bg3 Re8 16. Qd1 Ne4 17. Nfd4 f5 18. f3 Nxg3 19. hxg3 Qf6 20. Bc2 Ne5 21.
Rf2 f4 22. g4 Re7 23. Nd2 h5 24. gxh5 g4 25. fxg4 Nxg4 26. N2f3 Nxf2 27. Kxf2
Bg4 28. Qd3 Bxf3 29. Qxf3 Bxd4+ 30. cxd4 Qxd4+ 31. Kf1 Kh8 32. Rd1 Qxb2 0-1

[Event "EYb14, Budva YUG"]
[Site "?"]
[Date "2003.??.??"]
[Round "1"]
[White "Howell, D."]
[Black "Pacher, M."]
[Result "1-0"]
[WhiteElo "2320"]
[BlackElo "2060"]
[PlyCount "55"]
[EventDate "2003.??.??"]

1. e4 d6 2. d4 Nf6 3. Nc3 g6 4. f4 Bg7 5. a3 O-O 6. Nf3 Nbd7 7. e5 Ng4 8. h3
Nh6 9. g4 c5 10. Be3 cxd4 11. Qxd4 Qa5 12. b4 Qd8 13. Rd1 b6 14. Bd3 Bb7 15.
Be4 Qc7 16. Bxb7 Qxb7 17. O-O Rfd8 18. Qd5 Qc8 19. Nb5 dxe5 20. fxe5 a6 21. e6
axb5 22. exd7 Qb8 23. Nh4 e6 24. Qd6 Qxd6 25. Rxd6 Ra7 26. Rfd1 Bf8 27. R6d3
Rb7 28. Bg5 1-0

[Event "EYb14, Budva YUG"]
[Site "?"]
[Date "2003.??.??"]
[Round "1"]
[White "Chernobay, A."]
[Black "Dragicevic, Draz"]
[Result "1-0"]
[WhiteElo "2260"]
[BlackElo "2050"]
[PlyCount "74"]
[EventDate "2003.??.??"]

1. e4 c5 2. Nf3 Nc6 3. d4 cxd4 4. Nxd4 e5 5. Nb5 d6 6. Bc4 Nf6 7. Bg5 a6 8.
Bxf6 gxf6 9. N5c3 Bg7 10. Qh5 O-O 11. Nd5 b5 12. Bb3 Nd4 13. Ne3 Be6 14. Nc3 a5
15. O-O Qd7 16. Ncd5 a4 17. Nb6 Qb7 18. Bxe6 Qxb6 19. Bd5 Rac8 20. c3 Ne6 21.
Nf5 Kh8 22. Rad1 Qc7 23. a3 Nf4 24. Qf3 Rg8 25. g3 Ng6 26. Ba2 Rcd8 27. Kh1
Rgf8 28. Rd3 Ne7 29. Ne3 Qb7 30. Rfd1 f5 31. Nxf5 Nxf5 32. Qxf5 Qc6 33. Rd5 Rd7
34. Qf3 Rfd8 35. Qd3 Qb6 36. Kg2 Bf8 37. Rxb5 Qa6 1-0

[Event "EYb14, Budva YUG"]
[Site "?"]
[Date "2003.??.??"]
[Round "1"]
[White "Lapenna, A."]
[Black "Sharafiev, A."]
[Result "0-1"]
[WhiteElo "2045"]
[BlackElo "2255"]
[PlyCount "78"]
[EventDate "2003.??.??"]

1. e4 c5 2. Nf3 Nf6 3. Nc3 Nc6 4. d4 d5 5. Bb5 dxe4 6. Ne5 cxd4 7. Bxc6+ bxc6
8. Nxc6 Qb6 9. Nxd4 Bg4 10. Nde2 Rd8 11. Bd2 e6 12. O-O e3 13. fxe3 Bc5 14. Qe1
Rxd2 15. Kh1 Bxe3 16. Rxf6 gxf6 17. Ne4 Qxb2 18. N2c3 O-O 19. Rb1 Qxc2 20.
Nxf6+ Kh8 21. Nxg4 Qxc3 22. Nxe3 Rd3 23. Ng4 Qxe1+ 24. Rxe1 Rfd8 25. Nf2 Rd2
26. Kg1 Rxa2 27. Ne4 a5 28. h4 a4 29. Ng5 Kg7 30. Rf1 Rd7 31. h5 h6 32. Ne4 f5
33. Nc5 Rd6 34. Re1 Kf6 35. Re3 a3 36. Rg3 Rdd2 37. Nd3 Rxg2+ 38. Rxg2 Rxg2+
39. Kxg2 a2 0-1

[Event "EYb14, Budva YUG"]
[Site "?"]
[Date "2003.??.??"]
[Round "1"]
[White "Solic, M."]
[Black "Olszewski, Mi"]
[Result "0-1"]
[WhiteElo "2015"]
[BlackElo "2225"]
[PlyCount "62"]
[EventDate "2003.??.??"]

1. e4 e5 2. Nf3 Nc6 3. Bb5 a6 4. Bxc6 dxc6 5. O-O f6 6. d3 Bd6 7. Be3 c5 8. a4
Ne7 9. Nbd2 Nc6 10. h3 Be6 11. Nc4 Be7 12. Qd2 Qd7 13. Na5 Nd4 14. Ne1 O-O-O
15. Qd1 g5 16. c3 Nc6 17. Nxc6 Qxc6 18. Qc2 h5 19. c4 g4 20. h4 f5 21. exf5
Bxf5 22. g3 Rd7 23. b3 Rhd8 24. Rd1 e4 25. Qd2 exd3 26. Ng2 Be4 27. Nf4 Bf3 28.
Rc1 Bd6 29. Nxh5 Bg2 30. Nf6 Qf3 31. Nxd7 Bh3 0-1

[Event "EYb14, Budva YUG"]
[Site "?"]
[Date "2003.??.??"]
[Round "1"]
[White "Szoverfi, L."]
[Black "Potapov, P."]
[Result "0-1"]
[WhiteElo "1930"]
[BlackElo "2210"]
[PlyCount "48"]
[EventDate "2003.??.??"]

1. e4 c5 2. Nf3 Nc6 3. c3 d5 4. exd5 Qxd5 5. d4 cxd4 6. cxd4 e6 7. Nc3 Bb4 8.
Bd3 Nf6 9. O-O Qd7 10. Be3 O-O 11. Ne4 Nd5 12. Ng3 h6 13. Nh5 Bd6 14. Nd2 f5
15. Nc4 Bc7 16. g3 f4 17. gxf4 Nxf4 18. Nxf4 Bxf4 19. Qg4 Qf7 20. Bg6 Qc7 21.
Bxf4 Rxf4 22. Qg3 Nxd4 23. Bd3 e5 24. f3 e4 0-1

[Event "EYb14, Budva YUG"]
[Site "?"]
[Date "2003.??.??"]
[Round "2"]
[White "Filip, M."]
[Black "Martic, N."]
[Result "0-1"]
[WhiteElo "2465"]
[BlackElo "2160"]
[PlyCount "82"]
[EventDate "2003.??.??"]

1. d4 Nf6 2. Nf3 e6 3. Bg5 c5 4. c3 Qb6 5. Qc2 Nc6 6. e3 Be7 7. Nbd2 d5 8. Bd3
h6 9. Bh4 O-O 10. O-O Re8 11. dxc5 Qxc5 12. e4 dxe4 13. Bxe4 Bd7 14. Rad1 Rad8
15. b4 Qh5 16. Nc4 Nxe4 17. Bxe7 Nxe7 18. Qxe4 Bc6 19. Qe2 Nd5 20. Qd2 Bb5 21.
Qd4 Nb6 22. Qxd8 Rxd8 23. Rxd8+ Kh7 24. Nxb6 axb6 25. Rfd1 Be2 26. R1d2 Bxf3
27. gxf3 Qxf3 28. R2d3 Qg4+ 29. Rg3 Qf5 30. Rd7 h5 31. Rgd3 h4 32. R7d4 g5 33.
Kg2 e5 34. Rd5 Qe4+ 35. f3 Qe2+ 36. Kh3 Qf1+ 37. Kg4 Kg6 38. Rd6+ f6 39. Rd2
Qg1+ 40. Kh3 Kf5 41. Rg2 Qf1 0-1

[Event "EYb14, Budva YUG"]
[Site "?"]
[Date "2003.??.??"]
[Round "2"]
[White "Berczes, D."]
[Black "Bronowicki, M."]
[Result "1/2-1/2"]
[WhiteElo "2390"]
[BlackElo "2145"]
[PlyCount "112"]
[EventDate "2003.??.??"]

1. d4 e6 2. c4 b6 3. a3 f5 4. Nc3 Nf6 5. Nf3 Bb7 6. g3 Be7 7. Bg2 O-O 8. O-O
Ne4 9. Nxe4 Bxe4 10. d5 Bf6 11. Nd4 Bxg2 12. Kxg2 Qe7 13. Nb5 Rc8 14. Nxc7 Rxc7
15. d6 Qd8 16. dxc7 Qxc7 17. Qb3 Nc6 18. Bd2 Nd4 19. Qd3 e5 20. Be3 Qc6+ 21.
Kg1 e4 22. Qd1 Qxc4 23. Bxd4 Qxd4 24. Qxd4 Bxd4 25. Rab1 Be5 26. Rfd1 Rd8 27.
Rd5 d6 28. b4 Kf7 29. f4 Bf6 30. Rc1 Bb2 31. Rc7+ Ke6 32. Rd2 Bxa3 33. Ra2 Bxb4
34. Raxa7 Bc5+ 35. Kg2 Bd4 36. Re7+ Kd5 37. Ra3 Rc8 38. Ra2 Rc4 39. Rd2 Kc6 40.
h3 b5 41. g4 Bf6 42. Re6 Bd4 43. gxf5 e3 44. Rxd4 Rxd4 45. Kf3 b4 46. Kxe3 Rd1
47. Re8 Rh1 48. Rg8 b3 49. Rb8 Kd5 50. Kd3 Rxh3+ 51. e3 h5 52. Rxb3 h4 53. Rb8
Rh1 54. e4+ Kc6 55. Rh8 h3 56. Ke2 h2 1/2-1/2

[Event "EYb14, Budva YUG"]
[Site "?"]
[Date "2003.??.??"]
[Round "2"]
[White "Nestorovic, DN."]
[Black "Mingachev, M."]
[Result "1-0"]
[WhiteElo "2140"]
[BlackElo "2335"]
[PlyCount "95"]
[EventDate "2003.??.??"]

1. e4 e5 2. Nf3 Nf6 3. Nxe5 d6 4. Nf3 Nxe4 5. Nc3 Nf6 6. d4 Be7 7. Bf4 O-O 8.
Qd2 c6 9. Bd3 Re8 10. O-O-O Nbd7 11. h3 b5 12. g4 b4 13. Ne4 Nxe4 14. Bxe4 d5
15. Bd3 Nf8 16. Be3 Bd6 17. g5 a5 18. Bf4 b3 19. cxb3 Bxf4 20. Qxf4 a4 21. Kb1
axb3 22. a3 Be6 23. Rc1 Qb6 24. Rc3 Ra4 25. Rhc1 Rc8 26. Qd6 Rd8 27. Qg3 Rc8
28. h4 c5 29. dxc5 Qa7 30. Qd6 Rxa3 31. bxa3 Qxa3 32. Qa6 Qb4 33. Qb5 Qf4 34.
Rxb3 d4 35. Bc4 Bf5+ 36. Kb2 d3 37. Bd5 Ne6 38. Rb4 Qc7 39. c6 Qd6 40. Bxe6
Bxe6 41. Rd1 Ra8 42. Rxd3 Qc7 43. Qb6 Qc8 44. c7 Ra2+ 45. Kb1 Ra1+ 46. Kxa1
Qa8+ 47. Kb2 Qa2+ 48. Kc1 1-0

[Event "EYb14, Budva YUG"]
[Site "?"]
[Date "2003.??.??"]
[Round "2"]
[White "Bindrich, F."]
[Black "Siebarth, R."]
[Result "1-0"]
[WhiteElo "2330"]
[BlackElo "2115"]
[PlyCount "63"]
[EventDate "2003.??.??"]

1. e4 c5 2. Nf3 d6 3. d4 cxd4 4. Nxd4 Nf6 5. Nc3 a6 6. Be3 e5 7. Nb3 Be6 8. f3
Be7 9. Qd2 Qc7 10. g4 O-O 11. O-O-O Nbd7 12. Kb1 b5 13. g5 Nh5 14. Nd5 Bxd5 15.
exd5 Rfc8 16. Bh3 g6 17. Na5 Nf4 18. Bxf4 exf4 19. Bxd7 Qxd7 20. h4 Bf8 21.
Qxf4 Rc5 22. h5 Bg7 23. Nc6 Rc8 24. Rhe1 R5xc6 25. dxc6 Qxc6 26. Re2 Be5 27.
Qe4 Qc4 28. f4 Bg7 29. Qxc4 bxc4 30. Rxd6 Rb8 31. c3 Bxc3 32. Rb6 1-0